Alle Länderflaggen mit Pflanzen - Statistiken

Allgemein
  • Dieses Quiz wurde 40 mal gespielt
  • Das Durchschnittsergebnis liegt bei 16 aus 19
Antwortstatistiken
Bildquiz Antwort % Korrekt
Kanada
97%
Spanien
97%
Zypern
97%
Libanon
95%
Mexiko
95%
Ecuador
92%
San Marino
92%
Haiti
89%
Moldawien
89%
Paraguay
86%
Belize
84%
Dominikanische Republik
84%
El Salvador
84%
Eritrea
84%
Guatemala
84%
Fidschi
81%
Grenada
76%
Vanuatu
73%
Äquatorialguinea
65%
Keine übereinstimmenden Quizze gefunden
Verteilung der Resultate
Anzahl Personen mit jedem Resultat
Perzentil nach korrekt beantworteten Fragen
Ihre Resultats-Entwicklung
Sie haben dieses Quiz noch nicht gespielt